书目信息 |
| 题名: |
随机积分与不等式
|
|
| 作者: | 闫理坦 , 鲁立刚 , 许志强 编著 | |
| 分册: | ||
| 出版信息: | 北京 科学出版社 2005 |
|
| 页数: | 192页 | |
| 开本: | 24cm | |
| 丛书名: | ||
| 单 册: | ||
| 中图分类: | O172.2 | |
| 科图分类: | ||
| 主题词: | 随机积分--不等式 , 随机积分 , 不等式 | |
| 电子资源: | ||
| ISBN: | 7-03-014942-4 | |
| 000 | 01070nam0 2200289 450 | |
| 000 | 01076nam0 2200289 450 | |
| 000 | 01007nam0 2200265 450 | |
| 000 | 00970nam0 2200253 45 | |
| 005 | 20070527152659.10 | |
| 010 | @a7-03-014942-4@dCNY38.00 | |
| 100 | @a20070418d2005 em y0chiy0120 ea | |
| 101 | 0 | @achi |
| 102 | @aCN@b110000 | |
| 105 | @ay z 000yy | |
| 200 | 1 | @a随机积分与不等式@ASui Ji Ji Fen Yu Bu Deng Shi@f闫理坦,鲁立刚,许志强编著@FYan Li Tan, Lu Li Gang, Xu Zhi Qiang Bian Zhu |
| 210 | @a北京@c科学出版社@d2005 | |
| 215 | @a192页@d24cm | |
| 330 | @a本书讨论了在微积分中的一些不等式,着重介绍随机不等式,特别是关联与连续过程的不等式。全书分两部分,第一部分介绍连续鞅、连续积分与随机微分方程;第二部分介绍近年来在连续鞅与随机微积分中发现的不等式。 | |
| 606 | 0 | @a随机积分@x不等式 |
| 606 | 0 | @a随机积分 |
| 606 | 0 | @a不等式 |
| 690 | @aO172.2@v4 | |
| 701 | 0 | @a闫理坦@AYan Li Tan@4编著 |
| 701 | 0 | @a鲁立刚@ALu Li Gang@4编著 |
| 701 | 0 | @a许志强@AXu Zhi Qiang@c(高等数学)@4编著 |
| 801 | 0 | @aCN@bTAOJIN@c20070527 |
| 905 | @a10447@dO172.2@e105 | |
| 随机积分与不等式/闫理坦,鲁立刚,许志强编著.-北京:科学出版社,2005 |
| 192页;24cm |
| ISBN 7-03-014942-4:CNY38.00 |
| 本书讨论了在微积分中的一些不等式,着重介绍随机不等式,特别是关联与连续过程的不等式。全书分两部分,第一部分介绍连续鞅、连续积分与随机微分方程;第二部分介绍近年来在连续鞅与随机微积分中发现的不等式。 |
| ● |
| 相关链接 |
|
|
|
|
正题名:随机积分与不等式
索取号:O172.2/105
 
预约/预借
| 序号 | 登录号 | 条形码 | 馆藏地/架位号 | 状态 | 备注 |
| 1 | 0522994 | 205229947 | 第二样本阅览室/ [索取号:O172.2/105] | 在馆 | |
| 2 | 0522995 | 205229956 | 第三借阅区/ [索取号:O172.2/105] | 在馆 |